Managerial planning with linear programming in process industry operations

Gespeichert in:
Bibliographische Detailangaben
1. Verfasser: Aronofsky, Julius S.
Weitere Verfasser: Dutton, John M., Tavyabkhan, Michael
Format: Buch
Sprache:Englisch
Veröffentlicht: New York Wiley 1978
Tags: Tag hinzufügen
Keine Tags, Fügen Sie das erste Tag hinzu!

MARC

LEADER 00000nam a2200000 4500
001 0214972
005 20240109105202.8
041 0 |a eng 
044 |a US 
245 1 0 |a Managerial planning with linear programming  |b in process industry operations  |c Julius S. Aronofsky, John M. Dutton, Michael Tavyabkhan 
264 1 |a New York  |b Wiley  |c 1978 
300 |a 379 s. 
100 1 |a Aronofsky, Julius S. 
700 1 |a Dutton, John M. 
700 1 |a Tavyabkhan, Michael